G`spaszige Hunde und andere putzige Vieher Tierlchnurren mit hunder Bildern (Record no. 6045)
[ view plain ]
| 000 -CABECERA | |
|---|---|
| campo de control de longitud fija | 00665nam a2200217 a 4500 |
| 001 - NÚMERO DE CONTROL | |
| campo de control | BRCA_6359 |
| 005 - FECHA Y HORA DE LA ÚLTIMA TRANSACCIÓN | |
| campo de control | 20190321142932.0 |
| 008 - DATOS DE LONGITUD FIJA--INFORMACIÓN GENERAL | |
| campo de control de longitud fija | 230811s1950----gw-#######---#000-0#ger-# |
| 041 ## - CÓDIGO DE LENGUA | |
| Código de lengua del texto/banda sonora o título independiente | ger |
| 044 ## - CÓDIGO DEL PAÍS DE LA ENTIDAD EDITORA/PRODUCTORA | |
| Código MARC del país | gw |
| 050 #4 - SIGNATURA TOPOGRÁFICA DE LA BIBLIOTECA DEL CONGRESO | |
| Número de documento/Ítem | .O24 1950 |
| 100 1# - ENTRADA PRINCIPAL--NOMBRE DE PERSONA | |
| Nombre de persona | Oberländer, Adolf |
| 9 (RLIN) | 15936 |
| 245 10 - MENCIÓN DE TÍTULO | |
| Título | G`spaszige Hunde und andere putzige Vieher Tierlchnurren mit hunder Bildern |
| Mención de responsabilidad, etc. | von Adolf Oberländer; Gesammelt und herausgegeben von Rudolf Will. |
| 260 ## - PUBLICACIÓN, DISTRIBUCIÓN, ETC. | |
| Lugar de publicación, distribución, etc. | Leipzig |
| Nombre del editor, distribuidor, etc. | Walther Fiedler |
| Fecha de publicación, distribución, etc. | [1950] |
| 300 ## - DESCRIPCIÓN FÍSICA | |
| Extensión | 92 p. |
| Otras características físicas | il., grabados |
| Dimensiones | 22 cm. |
| 500 ## - NOTA GENERAL | |
| Nota general | Estado físico:lomo roto |
| 500 ## - NOTA GENERAL | |
| Nota general | K149 |
| 700 1# - PUNTO DE ACCESO ADICIONAL--NOMBRE DE PERSONA | |
| Nombre de persona | Will, Rudolf |
| Término indicativo de función/relación | ed. |
| 9 (RLIN) | 15937 |
| 902 ## - CATALOGADOR | |
| Iniciales | GFM |
| 942 ## - ELEMENTOS DE PUNTO DE ACCESO ADICIONAL (KOHA) | |
| Fuente del sistema de clasificación o colocación | Library of Congress Classification |
| Tipo de ítem Koha | Libros |
| Estado de retiro | Estado de pérdida | Estado dañado | No para préstamo | Localización permanente | Ubicación/localización actual | Fecha de adquisición | Número de inventario | Total de préstamos | Signatura topográfica completa | Código de barras | Fecha visto por última vez | Precio válido a partir de | Tipo de ítem Koha |
|---|---|---|---|---|---|---|---|---|---|---|---|---|---|
| El ejemplar forma parte de la colección y puede ser consultado según las políticas vigentes. | Biblioteca del Museo Franz Mayer (Rogerio Casas-Alatriste) | Biblioteca del Museo Franz Mayer (Rogerio Casas-Alatriste) | 22/08/2011 | K149 | .O24 1950 (K149) | 6806 | 22/03/2019 | 22/03/2019 | Libros |